000 00248nam a22001097a 4500
008 170116b xxu||||| |||| 00| 0 eng d
020 _a0323039855
041 _aeng
080 _a618.2
245 _aEMT-INTERMEDIATE TEXTBOOK
_cSHADE
942 _2udc
_cBK
999 _c2963
_d2963